Vista normal
Vista MARC
- Sordociegos
Entrada Materia
Número de registros utilizados en: 1
001 - NÚMERO DE CONTROL
- campo de control: 1965
003 - IDENTIFICADOR DEL NÚMERO DE CONTROL
- campo de control: ES-MaFIAP
005 - FECHA Y HORA DE LA ÚLTIMA TRANSACCIÓN
- campo de control: 20231207091951.0
008 - DATOS DE LONGITUD FIJA
- campo de control de longitud fija: 231207|| aca||aabn | a|a d
040 ## - FUENTE DE LA CATALOGACIÓN
- Centro catalogador/agencia de origen: ES-MaFIAP
- Centro/agencia transcriptor: ES-MaFIAP
150 ## - ENCABEZAMIENTO--TÉRMINO DE MATERIA
- Término de materia o nombre geográfico como elemento de entrada: Sordociegos
- Subdivisión geográfica: España
- Subdivisión de forma: Congresos y asambleas
670 ## - FUENTE DE DATOS ENCONTRADOS
- Cita de la fuente: Work cat.: (ES-MaFIAP)742: Conferencia Nacional de Personas Sordociegas 3ª 1995 Madrid 1963, III Conferencia Nacional de Personas Sordociegas , 1997]





